000 02050nas a2200277Ia 4500
001 R053-S7663
003 IT-CnALBA
008 170116c99999999xx |||||||||||| ||und||
040 _aIT-CnALBA
_cIT-CnALBA
041 _aITALIANO
100 _aGRAZZINI GIUSEPPE
210 _aBELL'ITALIA
222 _aBELL'ITALIA
245 0 _aBELL'ITALIA. N.10.(79). NOVEMBRE 1992. SPECIALE CALABRIA.
250 _a1a ed.
260 _aMILANO
_bMONDADORI GIORGIO EDIT.
_c1992 [1° Ed.:1992 - Ed.Ling.Originale: 1992]
300 _a130 p.
310 _aMENSILE
362 _aFascicolo: 79 / Anno: 7 (1992)
500 _aNELLA LETTERATURA. OSPITALITA'. VACANZE E AFFARI. LE GHIOTTONERIE. IL CENTRO DI COSENZA. PARCHI: RAGANELLO DEL POLLINO, FEDE E TRADIZIONE. PALUMBO SILA: VILLAGGIO, MUSEI, MERAVIGLIE. ARTIGIANATO FERRO CERAMICHE. LEGNO TESSUTI VIMINI. GASTRONOMIA. LA CARNE, SIGNORE DI LOCRI E GERACE. DAL SUD IN EUROPA. DA PALINURO A CAPO SPUNICO. LOCRIDE, STATUETTE. ARCHITETTURE, PORTALI DELLE CHIESE. VESTITI ANTICHI E MODERNI. PAESAGGI E BORGHI. MONTI SILA. ARTISTI. SANTI DI TAVERNA. MATTIA PRETI. IL CODICE PURPUREO. ARTE E MINIATURA. CHIERICI I. DRESCIG M. FABIANI E. GIUNTINI R. MAGNI E. MORGAN K. ORSINI N. SGARBI V.
501 _aSocietà San Paolo EM - Piazza San Paolo, 14 - 12051 ALBA (CN) (non commercial uses only) ® Copyright 2017
520 _aNELLA LETTERATURA. OSPITALITA'. VACANZE E AFFARI. LE GHIOTTONERIE. IL CENTRO DI COSENZA. PARCHI: RAGANELLO DEL POLLINO, FEDE E TRADIZIONE. PALUMBO SILA: VILLAGGIO, MUSEI, MERAVIGLIE. ARTIGIANATO FERRO CERAMICHE. LEGNO TESSUTI VIMINI. GASTRONOMIA. LA CARNE, SIGNORE DI LOCRI E GERACE. DAL SUD IN EUROPA. DA PALINURO A CAPO SPUNICO. LOCRIDE, STATUETTE. ARCHITETTURE, PORTALI DELLE CHIESE. VESTITI ANTICHI E MODERNI. PAESAGGI E BORGHI. MONTI SILA. ARTISTI. SANTI DI TAVERNA. MATTIA PRETI. IL CODICE PURPUREO. ARTE E MINIATURA. CHIERICI I. DRESCIG M. FABIANI E. GIUNTINI R. MAGNI E. MORGAN K. ORSINI N. SGARBI V.
650 _aSCIENZE UMANE E RELIGIOSE
942 _cCR
957 _71
999 _a77224
_bNO
_g1
_c335210
_d335210